La promesa = Wu ji = The Promise /

Shranjeno v:
Bibliografske podrobnosti
Glavni avtor: Kaige, Chen (realización)
Drugi avtorji: Kaige, Chen (guión) (guión), Tan, Zhang (guión) (guión), Pau, Peter (fotógrafo) (fotógrafo), Ying, Zhou (montaje) (montaje), Fang, Li (montaje) (montaje), Badelt, Klaus (música) (música), Sanada, Hiroyuki (actuación) (actuación), Dong-Kun, Jang (actuación) (actuación), Cheung, Cecilia (actuación) (actuación)
Format: Slide
Jezik:kitajščina
Izdano: Beijing, China : China Film Group Corporation, 2005, c2005
Teme:
Oznake: Označite
Brez oznak, prvi označite!

MARC

LEADER 00000ngm^a2200000^a^4500
001 000267223
005 20250521000000.0
009 20260310110817.589
020 |a 1-4198-3739-7 
037 |a Acervo ITESO - Biblioteca 
041 |a CHI 
082 |a 895. 1  |b KAI 
100 |a Kaige, Chen  |e (realización) 
240 1 4 |a [La promesa, de Chen Kaige] 
245 1 3 |a La promesa =  |b Wu ji = The Promise /  |c Realización de C. Kaige. 
246 2 |a Título en la cubierta: The Promise 
264 4 |a Beijing, China :  |b China Film Group Corporation,  |c 2005, c2005 
264 2 |a Los Angeles, EUA :  |b Warner Brothers [distribución],  |c 2006, c2006 
300 |a 1 DVD región 1  |c (102, 40 min.) 
336 |a imagen móvil bidimensional  |b tdi  |2 rdacontenido 
337 |a video  |b v  |2 rdamedio 
338 |a videodisco  |b vd  |2 rdasoporte 
500 |a Basado en: Kunlun Nu, de Pei Xing 
546 |a En mandarín, con subtítulos opcionales: español, francés, inglés 
546 |a Doblaje opcional: inglés 
649 |a XX 
650 |a Cineastas Chinos 
650 |a Cine Fantástico 
650 |a Cine de Aventuras 
650 |a Melodramas 
650 |a Dramas Cinematográficos 
650 |a Making Of (Documentales detrás de Cámaras) 
650 |a Cine Chino -  |y 2000-2009 
650 |a Cine Chino -  |y Siglo XXI 
650 |a Cine Chino -  |x Historia y Crítica 
650 |a Artes Marciales -  |z China 
650 |a Traición 
650 |a Lealtad 
650 |a Compromiso (Etica) 
740 4 |a The Making of The Promise / 
700 |a Kaige, Chen  |e (guión) 
700 |a Tan, Zhang  |e (guión) 
700 |a Pau, Peter  |e (fotógrafo) 
700 |a Ying, Zhou  |e (montaje) 
700 |a Fang, Li  |e (montaje) 
700 |a Badelt, Klaus  |e (música) 
700 |a Sanada, Hiroyuki  |e (actuación) 
700 |a Dong-Kun, Jang  |e (actuación) 
700 |a Cheung, Cecilia  |e (actuación) 
910 |a Fondo General 
920 |a Audiovisuales - DVDs 
940 |a Películas 
905 |a 302 
901 |a 0500146238  |b IT2  |c DVS  |u 20250521 
902 |a https://opac.biblio.iteso.mx/vufind/Record/000267223